Shaping strategy (Record no. 73672)
[ view plain ]
| 000 -LEADER | |
|---|---|
| fixed length control field | 01531cam a2200241 4500 |
| 001 - CONTROL NUMBER | |
| control field | ABS67189 |
| 008 - FIXED-LENGTH DATA ELEMENTS--GENERAL INFORMATION | |
| fixed length control field | 031028n2003 000 0 eng u |
| 035 ## - SYSTEM CONTROL NUMBER | |
| System control number | (Sirsi) u124110 |
| 100 ## - MAIN ENTRY--PERSONAL NAME | |
| Personal name | Hjul, A. |
| 245 ## - TITLE STATEMENT | |
| Title | Shaping strategy |
| 260 ## - PUBLICATION, DISTRIBUTION, ETC. | |
| Date of publication, distribution, etc. | 2003 |
| 490 ## - SERIES STATEMENT | |
| Series statement | RICS Business |
| Volume/sequential designation | September 2003, 24-25(2) |
| 520 ## - SUMMARY, ETC. | |
| Summary, etc. | Analyses the responses to the first UK RICS membership survey, undertaken to start a continual feedback mechanism about members' views on RICS' organisational performance and their awareness and rating of services and benefits. There were 7 782 responses to the survey, representing a 15% participation level well above the industry average of 3-5%. The survey covered level of member involvement, feedback on faculty relevance, awareness of and satisfaction with RICS services. Indicates RICS current and future activities to improve member awareness and satisfaction levels, in particular with those services that scored poorly and work involving member communications and contact management. Very positive feedback was received about the value of RICS qualifications, the high standards and ethics of the profession, the effectiveness of RICS as a professional body and surveying as a career choice. |
| 590 ## - LOCAL NOTE (RLIN) | |
| Local note | ABS |
| 650 ## - SUBJECT ADDED ENTRY--TOPICAL TERM | |
| Topical term or geographic name entry element | MEMBERSHIP SURVEY |
| 650 ## - SUBJECT ADDED ENTRY--TOPICAL TERM | |
| Topical term or geographic name entry element | SERVICES |
| 650 ## - SUBJECT ADDED ENTRY--TOPICAL TERM | |
| Topical term or geographic name entry element | PROFESSIONAL QUALIFICATIONS |
| 650 ## - SUBJECT ADDED ENTRY--TOPICAL TERM | |
| Topical term or geographic name entry element | SURVEYING PROFESSION |
| 650 ## - SUBJECT ADDED ENTRY--TOPICAL TERM | |
| Topical term or geographic name entry element | CAREERS, EDUCATION AND TRAINING |
| 650 ## - SUBJECT ADDED ENTRY--TOPICAL TERM | |
| Topical term or geographic name entry element | RICS |
| 690 ## - LOCAL SUBJECT ADDED ENTRY--TOPICAL TERM (OCLC, RLIN) | |
| Topical term or geographic name as entry element | MANAGEMENT-BUSINESS MANAGEMENT-PROFESSIONAL PRACTICE |
| 942 ## - ADDED ENTRY ELEMENTS (KOHA) | |
| Suppress in OPAC | 0 |
| Withdrawn status | Lost status | Source of classification or shelving scheme | Damaged status | Not for loan | Home library | Current library | Shelving location | Date acquired | Total Checkouts | Full call number | Barcode | Date last seen | Copy number | Price effective from | Koha item type |
|---|---|---|---|---|---|---|---|---|---|---|---|---|---|---|---|
| Dewey Decimal Classification | London | London | Journal article | 28/10/2003 | ABS67189 | 124110-1001 | 06/08/2019 | 1 | 06/08/2019 | Journal article |